000 00579nam a2200241 a 4500
001 nice12345678
003 IN_TiNIC
005 20260116011634.0
008 050524s1931 cama grp 000 0 eng
020 _a
_c100
082 0 0 _a270
_bGLO
100 _aGlover, T R
245 _aWorld of the New Testament
260 _aCambridge
_bCambridge University Press
_c1931
300 _a191p
500 _aincludes index and biblioraphy
505 2 _aAppendices
650 _aChurch-History
700 1 _aGlover, T R
902 _bSRS
942 _cBK
999 _c3044
_d3044